| 000 | 00683nam a2200205Ia 4500 | ||
|---|---|---|---|
| 003 | GCL | ||
| 008 | 140319s9999 xx 000 0 ara d | ||
| 040 |
_aGCL / _cGCL |
||
| 082 | 0 | 4 |
_a230 _bن ر |
| 100 | 1 | _aرضوان محمد رضوان | |
| 245 | 1 | 0 |
_aرياض الصالحين من كلام سيد المرسلين / _cرضوان محمد رضوان |
| 700 | 1 | _aالنووى، يحيى بن شرف بن مرى الدمشقى، 1233-1278 م | |
| 260 |
_aالهند : _bالمؤلف |
||
| 300 |
_a680 ص ؛ _c24 سم |
||
| 490 | _a | ||
| 650 | 0 | 4 | _aالاسلام |
| 650 | 0 | 4 | _aالاحاديث النبوية |
| 650 | 0 | 4 | _aالادعية والاوراد |
| 942 |
_2ddc _cBK |
||
| 999 |
_c27640 _d27640 |
||